English or Spanish? - Statistics

General Stats
  • This quiz has been taken 42 times
  • The average score is 20 of 25
Answer Stats
Hint Answer % Correct
Greets with 'Hola' Spanish
100%
Most common language on the internet English
97%
Has 26 letters English
95%
Used by Shakespeare English
95%
Uses inverted punctuation Spanish
95%
Nouns are masculine or feminine Spanish
95%
Has distinct formal and informal versions of "you" Spanish
95%
Spoken in most countries of Latin America Spanish
95%
Also known as Castilian Spanish
95%
Uses a “-teen” ending for numbers 13–19 English
92%
JetPunk's primary language English
92%
The language of this quiz English
92%
Has more non-native speakers than native speakers English
84%
A Romance language Spanish
84%
Capitalizes days of the week and months English
82%
Rhymes with 'banish' Spanish
82%
Spoken as a second language by 1+ billion people English
79%
Has no official regulatory body English
71%
The global lingua franca English
71%
Allows double negatives in standard grammar Spanish
66%
Adjectives usually come before nouns English
63%
About 8% of its words come from Arabic Spanish
61%
2nd most spoken native language after Mandarin Spanish
58%
Often requires a subject pronoun English
53%
Phonetic Spanish
53%
No matching quizzes found
Score Distribution
Percent of People with Each Score
Percentile by Number Answered
Your Score History
You have not taken this quiz